<?xml version="1.0" encoding="UTF-8"?>
<collection xmlns="http://www.loc.gov/MARC21/slim">
 <record>
  <leader>00526pamaa2200169   4500</leader>
  <controlfield tag="001">0000030645</controlfield>
  <controlfield tag="005">20171223090000.0</controlfield>
  <controlfield tag="008">100218                             eng  </controlfield>
  <datafield tag="020" ind1="0" ind2="0">
   <subfield code="a">978006369530 (pbk-IU) </subfield>
  </datafield>
  <datafield tag="020" ind1="0" ind2="0">
   <subfield code="a">9781781253397 (pbk-ICN) </subfield>
  </datafield>
  <datafield tag="090" ind1="0" ind2="0">
   <subfield code="a">HF5386 </subfield>
   <subfield code="b">MCC 1984</subfield>
  </datafield>
  <datafield tag="100" ind1="1" ind2="0">
   <subfield code="a">McCormack </subfield>
  </datafield>
  <datafield tag="245" ind1="1" ind2="0">
   <subfield code="a">What they don't teach you at Harvard Business School  </subfield>
   <subfield code="c">Mark H. McCormack.</subfield>
  </datafield>
  <datafield tag="260" ind1="0" ind2="0">
   <subfield code="a">Toronto ; New York: </subfield>
   <subfield code="b">Bantam Books, </subfield>
   <subfield code="c">1984.</subfield>
  </datafield>
  <datafield tag="300" ind1=" " ind2=" ">
   <subfield code="a">xvi, 251 p.; </subfield>
   <subfield code="c">24 cm.</subfield>
  </datafield>
  <datafield tag="650" ind1="0" ind2="0">
   <subfield code="a">Management </subfield>
  </datafield>
  <datafield tag="650" ind1="0" ind2="0">
   <subfield code="a">Success in business </subfield>
  </datafield>
 </record>
</collection>
